| 000 | 00944cam a2200241 4500 | ||
|---|---|---|---|
| 001 | L1273551 | ||
| 008 | 040913n2005 000 0 eng u | ||
| 020 | _a1405124229 | ||
| 035 | _a(Sirsi) u127355 | ||
| 041 | _aeng | ||
| 050 |
_a720.47 _c22 |
||
| 100 | _aYang, Jay | ||
| 245 | _aSmart and sustainable built environments | ||
| 260 |
_aOxford _bBlackwells _c2005 |
||
| 300 |
_axviii, 346p. _bill. _c25cm. |
||
| 350 | _a69.50 | ||
| 520 | _aExamines the current state of the art and future potential for encouraging, developing and implementing smart and sustainable built environment strategies. Provides a snapshot of existing methods and technologies as well as potential opportunities for developing smart and sustainable built environments. | ||
| 590 | _aIKA160805 | ||
| 690 | _aENVIRONMENTAL AND LAND CONSULTANCY-SUSTAINABILITY-SUSTAINABLE DEVELOPMENT | ||
| 700 | _aBrandon, Peter S. | ||
| 700 | _aSidwell, A.C. | ||
| 942 | _n0 | ||
| 999 |
_c103754 _d103754 |
||